Mammifères aquatiques par images - Clic Quiz - Statistiques

Statistiques générales
  • Ce quiz a été pris 1 373 fois
  • Le résultat moyen est 16 sur 20
Statistiques - réponses
Hint Extra Hint Réponse % Correct
Ours polaire
Ursus maritimus
93%
Orque
Orcinus orca
91%
Hippopotame
Hippopotamus amphibius
91%
Narval
Monodon monoceros
90%
Loutre de mer
Enhydra lutris
89%
Capybara
Hydrochoerus hydrochaeris
87%
Ornithorynque
Ornithorhynchus anatinus
87%
Grand dauphin
Tursiops truncatus
86%
Morse
Odobenus rosmarus
86%
Grand cachalot
Physeter macrocephalus
85%
Musaraigne d'eau (crossope aquatique)
Neomys fodiens
85%
Castor du Canada
Castor canadensis
84%
Béluga
Delphinapterus leucas
84%
Baleine à bosse
Megaptera novaeangliae
76%
Léopard de mer
Hydrurga leptonyx
75%
Phoque commun
Phoca vitulina
73%
Lamantin
Trichechus manatus latirostris
72%
Éléphant de mer
Mirounga leonina
69%
Dauphin rose de l'Amazone (Boto)
Inia geoffrensis
66%
Marsouin
Phocoena phocoena
59%
Aucun quiz correspondant
Distribution des résultats
% des personnes avec chaque résultat
Percentile par nombre de réponses
Votre historique - résultats
Vous n’avez pas pris ce quiz